00889nam a22002537a 450000500170000001000130001702000180003003500130004803700160006104000120007708200170008910000240010624500620013025000120019226000430020427000450024730000260029250000610031865000340037965000250041394200260043899900190046495201520048320170124105931.0 aA-740237 c00a817099554 aA-740237 bCen Lib/Ret aDPLbEN a327.567bMAH aMahboob Alam 98182 aIraqi foreign policy since revolution /cby Mahboob Alam  a2nd ed. aNew Delhi bMittal Publications c1995 aA-110, mohan garden bNew Delhi e110059 axiii, 294p.c21cm(Hb) aIncludes appendix, bibliographical references and index  aForeign policies zIraq98183 aOil diplomacy 98184 2ddccENh327.567mMAH c123831d123831 00134070aLbLd2015-06-12eCen Lib/Retg0.00l0o327.567 MAHpA-740237r2015-06-12 00:00:00t1v0.00w2015-06-12yENzLegal Case Register No. 28